000
00257nam a2200097Ia 4500
008
230915s9999 xx 000 0 und d
050
_a
QH91.8 .B43 2013
100
_a
BEDMAN DANIEL W.
245
0
_a
marine environmental biology and conservation
942
_c
BK
999
_c
191194
_d
191194